| 000 | 00708nam a2200205 a 4500 | ||
|---|---|---|---|
| 001 | BRCA_669 | ||
| 005 | 20190320203111.0 | ||
| 008 | 160408s2000----us-a---###---#000-0#spa-# | ||
| 020 | _a875351522 | ||
| 050 | 4 |
_aN620.H5 _b.H57 2000 |
|
| 245 | 1 | 0 |
_aThe Hispanic Society of America _bTesoros _ceditor in chief Patrick Lenaghan. |
| 260 |
_aNueva York _bThe Hispanic Society of America _c2000 |
||
| 300 |
_a485 p. _bil. a color _c32 cm. |
||
| 500 | _aIncluye índice onomástico | ||
| 546 | _aTexto en inglés y español | ||
| 610 | 2 | 4 |
_aThe Hispanic Society of America _xColecciones de arte _zNueva York _92217 |
| 650 | 1 | 4 |
_aArtes visuales _xObras maestras _92218 |
| 700 | 1 |
_aLenaghan, Patrick _92219 |
|
| 942 |
_2lcc _cB |
||
| 999 |
_c578 _d578 |
||